| 000 | 01202cam a2200265 a 4500 | ||
|---|---|---|---|
| 003 | EG-GiCUC | ||
| 005 | 20250223030922.0 | ||
| 008 | 140104c2013 ua f m 000 0 ara d | ||
| 040 |
_aEG-GiCUC _bara _cEG-GiCUC |
||
| 041 | 0 | _aara | |
| 049 | _aاهداء | ||
| 097 | _aدكتوراه | ||
| 099 | _aCai01.34.Ph.D.2013.نا.ح | ||
| 100 | 0 | _aناصر عبدالحميد على | |
| 245 | 1 | 0 |
_aحوكمة الشركات فى الأسواق الناشئة : _bبالتطبيق على قطاع التأمين التعاونى و التكافلى : دراسة عملية على السوق السعودى / _cناصر عبدالحميد على ؛ اشراف صلاح الدين فهمى محمود |
| 260 |
_aواشنطن : _bناصر عبدالحميد على : _c2013 |
||
| 300 |
_a170 ورقة ؛ _c30سم |
||
| 502 | _aاطروحة (دكتوراه) - الجامعة الأمريكية المفتوحة - قسم الاقتصاد الإسلامى | ||
| 530 | _aصدر ايضا كقرص مدمج | ||
| 700 | 0 |
_aصلاح الدين فهمى محمود : _eمشرف |
|
| 856 | _uhttp://172.23.153.220/th.pdf | ||
| 905 |
_aNazla _eCataloger |
||
| 905 |
_aSoheir _eRevisor |
||
| 942 |
_2ddc _cTH |
||
| 999 |
_c44703 _d44703 |
||